Especies vegetales de los guaduales del Eje Cafetero (Registro nro. 19621)
[ vista simple ]
| 000 -CABECERA | |
|---|---|
| Campo de control | 00623nam a22001937a 4500 |
| 005 - FECHA Y HORA DE LA ULTIMA TRANSACCION | |
| Campo de control | 20180312113423.0 |
| 008 - ELEMENTOS DE LONGITUD FIJA—INFORMACION GENERAL | |
| Campo de control | 170612b ck ||||| |||| 00| 0 spa d |
| 040 ## - FUENTE DE CATALOGACIÓN | |
| Agencia catalogadora original | CO-BoIAVH |
| Agencia transcriptora | CO-BoIAVH |
| 041 ## - IDIOMA | |
| Código de idioma para texto/pista de sonido o título separado | Español |
| 044 ## - PAÍS DE PUBLICACIÓN | |
| País de publicación | Colombia |
| 090 ## - CLASIFICACIÓN LOCAL | |
| Colección | FG- |
| Consecutivo | 0225 |
| 110 2# - ASIENTO PRINCIPAL--NOMBRE CORPORATIVO | |
| Nombre corporativo o de jurisdicción como elemento de entrada | Colombia. |
| Unidad subordinad | Corporación Autónoma Regional de Risaralda Carder |
| 9 (RLIN) | 90365 |
| 245 ## - MENCION DE TITULO | |
| Título | Especies vegetales de los guaduales del Eje Cafetero |
| 260 ## - PUBLICACION, DISTRIBUCION, ETC. (PIE DE IMPRENTA) | |
| Lugar de publicación, distribución, etc. | Pereira: |
| Nombre del editor, distribuidor, etc. | Carder; |
| -- | GTZ |
| Fecha de publicación, distribución, etc. | . |
| 300 ## - DESCRIPCION FISICA | |
| Extensión | folleto plegable |
| Otros detalles físicos | ilustraciones a color |
| Dimensiones | 16 x 21 cm |
| 700 0# - ASIENTO SECUNDARIO - NOMBRE PERSONAL | |
| Nombre personal | Ospina, Román |
| Término de relación | autor |
| 9 (RLIN) | 90366 |
| 700 0# - ASIENTO SECUNDARIO - NOMBRE PERSONAL | |
| Nombre personal | Vega, Ricardo |
| Término de relación | autor |
| 9 (RLIN) | 90367 |
| 942 ## - ELEMENTOS ADICIONALES (KOHA) | |
| Sistema de clasificación | Local |
| Tipo de ítem | Folleto |
| Withdrawn status | Lost status | Sistema de Clasificación | Damaged status | No para préstamo | Colección | Ubicación Permanente | Ubicación actual | Fecha de adquisición | Total Checkouts | Número topográfico | Inventario / Código de Barras | Date last seen | Ejemplar | Price effective from | Forma de adquisición | Tipo de material |
|---|---|---|---|---|---|---|---|---|---|---|---|---|---|---|---|---|
| Local | Hemeroteca | Bogotá | Bogotá | 12/06/2017 | FG-0225 | 058434 | 12/06/2017 | Ej. 1 | 12/06/2017 | Donación | Folleto |